[Event "TCh-RUS Blitz 2016"]
[Site "Sochi RUS"]
[Date "2016.10.07"]
[Round "14.2"]
[Board "3"]
[White "Poliakov, Artem"]
[Black "Pridorozhni, Aleksei"]
[Result "0-1"]
[BlackTitle "GM"]
[WhiteElo "2222"]
[BlackElo "2579"]
[WhiteTeam "NL Chess School Karpova -1 (Moscow)"]
[BlackTeam "Malachite (Sverdlovsk region)"]
[WhiteFideId "24198536"]
[BlackFideId "4127870"]
[EventDate "2016.10.07"]

1. d4 d5 2. c4 e6 3. cxd5 exd5 4. Nc3 c6 5. Nf3 Bf5 6. Bg5 Be7 7. Bxe7 Qxe7 8.
e3 Nd7 9. Bd3 Bxd3 10. Qxd3 Ngf6 11. Nd2 a5 12. h3 O-O 13. O-O Rfe8 14. b3 Nf8
15. Rfe1 Ne6 16. e4 dxe4 17. Ndxe4 Rad8 18. Rad1 h6 19. Nxf6+ Qxf6 20. d5 Nf4
21. Rxe8+ Rxe8 22. Qf3 cxd5 23. Nxd5 Nxd5 24. Qxd5 b6 25. Rd2 h5 26. g3 h4 27.
Kg2 g6 28. Qd6 Qf5 29. Qf4 Qxf4 30. gxf4 Re4 31. Kf3 Rb4 32. Rd6 Kg7 33. Rc6 f5
34. Rc4 Rb5 35. Rc7+ Kh6 36. Rc6 Rb4 37. Rc4 Rb5 38. Rc6 a4 39. bxa4 Rb4 40. a3
Rb3+ 41. Kg2 Rxa3 42. Rxb6 Rd3 43. Re6 Kg7 44. Rb6 0-1